Регионална библиотека "Любен Каравелов" - Русе

Александър Атанасов (Запис номер 150954)

MARC детайли
000 -Лидер
Контролно поле с фиксирана дължина 01535nam a2200397 c 4500
003 - Код на организацията, давaща контролен номер
Контролно поле BLK
005 - Дата и час на последна редакция
Контролно поле 20180422113039.0
008 - Елементи от данни с фиксирана дължина
fixed length control field 180410b bul|||||r ||||||| ||bul||
010 ## - Наследен системен номер
LC control number KNG00157309000
040 ## - Източник на каталожния запис
Идентификатор на билиотеката - собственик на записа BLK
041 ## - Код за език
Код за езика на текст/звукозапис или на отделно заглавие Български
Код за езика КДБФ Български
072 #7 - Код за тематичната категория
Код организация bullib
Код за тематична категория К
Текст Краезнание
080 ## - УДК
Текстов определител УДК Комунистически партии. Вж и 327.323
УДК код - определител по УДК 329.15
УДК определител (497.2)БКП(092)
УДК - код + определител 329.15(497.2)БКП(092)
080 ## - УДК
Текстов определител УДК Шески. Лидер на социалистите в Русе
УДК код - определител по УДК 929 Атанасов, Александър
УДК определител
УДК - код + определител 929 Атанасов, Александър
100 1# - Редна дума - Автор
Автор Василев, Михаил
Авторска отговорност първи автор
R(LIN) 367486
139 ## - Редно поле
Редна дума Василев, Михаил
Авторски знак Ат - А 93
245 10 - Сведения за заглавието
Заглавие Александър Атанасов
Подзаглавни данни Живот и дейност
Редно поле (дума) Михаил Василев.
257 ## - Страна на издаване
Страна на създаване/издаване България
260 ## - Област на издателските данни
-- София
Име на издателя, разпространителя и проч. София-пресс
Година на издаване 1989
300 ## - Физическа характеристика
Страници 32 с.
Илюстрации и др. с ил., портр.
Размери/Мащаб 16 см
380 ## - Жанр
Жанр Обществени науки
500 ## - Общи забележки
Забележка Офс. изд. - 1 695 тир.
600 14 - Име на лице, използвано като предмет
За него / За нея Атанасов, Александър
9 (RLIN) 373281
650 #4 - Допълнително описание по предмет – тема
Основно описание – тема или топоним БКП - дейци
9 (RLIN) 242529
651 #4 - Допълнително описание по предмет - топоним
Географско понятие България
9 (RLIN) 241624
651 #4 - Допълнително описание по предмет - топоним
Географско понятие Русе
9 (RLIN) 179462
653 ## - Ключова дума – ненормативна
Ключова дума БКП
653 ## - Ключова дума – ненормативна
Ключова дума комунисти
653 ## - Ключова дума – ненормативна
Ключова дума Александър Атанасов
659 ## - Тематичен бюлетин
Тематичен бюлетин К
852 ## - Местоположение
Форматна сигнатура Цб І 24246
856 4# - Електронен адрес и достъп
Електронен формат pdf - файл
Път до файла /url/
856 4# - Електронен адрес и достъп
Електронен формат pdf - файл
Път до файла /url/
942 ## - АРТИКУЛИ
Вид на библиотечния материал Книги
Скрит в OPAC Не
944 ## - СЪЗДАВАНЕ И РЕДАКЦИЯ на ЗАПИСА
Създаване/Редакция Създаване
Дата на регистрацията/редакция 28.02.2014
Статус, дата на статуса 28.02.2014 - от С1,Р / 28.02.2014
Служител, извършил регистрацията/редакцията Валя_Йорданова
944 ## - СЪЗДАВАНЕ И РЕДАКЦИЯ на ЗАПИСА
Създаване/Редакция Редакция
Дата на регистрацията/редакция 04.03.2014
Статус, дата на статуса 28.02.2014 - от С1,Р / 28.02.2014
Служител, извършил регистрацията/редакцията
999 ## - СИСТЕМНИ КОНТРОЛНИ НОМЕРА
Koha biblionumber 150954
Koha biblioitemnumber 150954
Наличности
Код за отписване Код за изгубен артикул Източник на класификационната схема Код за повреда Коз за рестрикции Код за отдаване Артикулен № Име на библиотеката - собственик Име на библиотеката, в която се намира в момента Статус (Текущо местоположение) Дата на вписване в системата Местоположение - отдел Цена в лева Инвентарен номер Систематично азбучна сигнатура Баркод Номер на екземпляра Цена в евро Служебна бележка Служебен тип на артикула
  Не е изгубен Universal Decimal Classification Не е повреден без рестрикции ползва се в читалня 252233 Регионална библиотека "Любен Каравелов" Русе Регионална библиотека "Любен Каравелов" Русе Краезнание 1989-01-01 Краезнание 0.00 516812 К 329(092)/А 93 120000516812 1 0.00 N: Сф Дата: 01.01.1989 Дата инв: 13.11.2017 Бележки инв: К2017 Книги
Vip Innovations Ltd, Rousse, Bulgaria 2025